000
00223nam a2200097Ia 4500
008
190216s9999||||xx |||||||||||||| ||und||
100
_a
P A Sayed Muhammed
245
0
_a
Mughal Samrajyathiloode
260
_b
Null
942
_c
BK
999
_c
24304
_d
24304